Most Fragile Countries of the Americas - Statistics

General Stats
  • This quiz has been taken 38 times
  • The average score is 18 of 20
Answer Stats
Global Rank Score Country % Correct
9 103.5 Haiti
100%
81 69.4 Bolivia
97%
108 60.2 Dominican Republic
97%
56 78.1 Honduras
97%
30 89 Venezuela
97%
112 59.1 Cuba
95%
76 72 Peru
95%
78 70.3 Brazil
92%
90 68 Ecuador
92%
85 68.7 El Salvador
92%
65 74.9 Guatemala
92%
109 59.3 Jamaica
92%
83 69 Mexico
92%
105 61.5 Paraguay
92%
63 75.6 Colombia
89%
111 59.2 Guyana
89%
60 76.7 Nicaragua
89%
113 58.8 Suriname
89%
125 53.5 Trinidad and Tobago
86%
117 57 Belize
81%
No matching quizzes found
Score Distribution
Percent of People with Each Score
Percentile by Number Answered
Your Score History
You have not taken this quiz